<?xml version="1.0" encoding="UTF-8"?>
<collection xmlns="http://www.loc.gov/MARC21/slim">
 <record>
  <leader>06477nam a2200385 a 4500</leader>
  <controlfield tag="001">kal2081</controlfield>
  <controlfield tag="003">Gr-AtHEAL</controlfield>
  <controlfield tag="005">20160505144413.0</controlfield>
  <controlfield tag="006">m        d        </controlfield>
  <controlfield tag="008">160413s2015    gr      s           gre|c</controlfield>
  <datafield tag="020" ind1=" " ind2=" ">
   <subfield code="a">9789606031557</subfield>
  </datafield>
  <datafield tag="040" ind1=" " ind2=" ">
   <subfield code="a">GR-AtHEAL</subfield>
   <subfield code="b">gre</subfield>
   <subfield code="c">GR-AtHEAL</subfield>
  </datafield>
  <datafield tag="082" ind1="0" ind2="4">
   <subfield code="a">388.4</subfield>
   <subfield code="2">23</subfield>
  </datafield>
  <datafield tag="100" ind1="1" ind2=" ">
   <subfield code="a">Γαβανάς, Νικόλαος.</subfield>
   <subfield code="8">2305</subfield>
  </datafield>
  <datafield tag="245" ind1="1" ind2="0">
   <subfield code="a">Αστικά δίκτυα μεταφορών και διαχείριση κινητικότητας</subfield>
   <subfield code="h">[Ηλεκτρονικός πόρος] </subfield>
   <subfield code="c">Γαβανάς, Νικόλαος ; Παπαΐωάννου, Παναγιώτης ; Πιτσιάβα-Λατινοπούλου, Μάγδα ; Πολίτης, Ιωάννης ; Κριτικός αναγνώστης,Γιαννόπουλος, Γεώργιος ; Τεχνική επιμέλεια,Σδουκόπουλος, Αλέξανδρος.</subfield>
  </datafield>
  <datafield tag="260" ind1=" " ind2=" ">
   <subfield code="a">Αθήνα :</subfield>
   <subfield code="b">Σύνδεσμος Ελληνικών Ακαδημαϊκών Βιβλιοθηκών,</subfield>
   <subfield code="c">c2015.</subfield>
  </datafield>
  <datafield tag="490" ind1=" " ind2=" ">
   <subfield code="a">Ακαδημαϊκά Ηλεκτρονικά Συγγράμματα και Βοηθήματα Κάλλιπος</subfield>
   <subfield code="8">40</subfield>
  </datafield>
  <datafield tag="520" ind1=" " ind2=" ">
   <subfield code="a">Το βιβλίο αποτελεί μια προσπάθεια των συγγραφέων να παρουσιάσουν σε ένα ενιαίο πλαίσιο τις βασικές συνιστώσες του πλέγματος των αστικών μεταφορών δίνοντας τις κατευθύνσεις προς μια βιώσιμη αστική κινητικότητα ως αποτέλεσμα της αρμονικής συνύπαρξης τους σε μια αστική περιοχή. Αποτελείται από δέκα κεφάλαια που η διαδοχή τους καλύπτει αρχικά βασικές έννοιες του συστήματος αστικών μεταφορών και της βιώσιμης κινητικότητας και στη συνέχεια γίνεται μια περιγραφή όλων των δικτύων για να καταλήξει σε μια ολοκληρωμένη θεώρησή τους.Συγκεκριμένα στο εισαγωγικό κεφάλαιο δίνεται ο ορισμός του συστήματος αστικών μεταφορών, αναλύονται τα συστατικά του, διαπιστώνεται το κυκλοφοριακό πρόβλημα και επισημαίνεται η αναγκαιότητα διαχείρισης της κινητικότητας. Στη συνέχεια στο δεύτερο κεφάλαιο αναλύονται τα βασικά χαρακτηριστικά των μετακινήσεων, δίνεται ο ορισμός της βιώσιμης αστικής κινητικότητας καθώς και οι πολιτικές για την επίτευξή της. Στο τρίτο κεφάλαιο ακολουθεί μια αναλυτική περιγραφή των διαθέσιμων μέτρων διαχείρισης της κινητικότητας με παραδείγματα καλών πρακτικών, ενώ το τέταρτο κεφάλαιο αναφέρεται στον καθορισμό και την αναλυτική περιγραφή των ποσοτικών και ποιοτικών παραμέτρων που χαρακτηρίζουν τα διάφορα μέσα μεταφοράς.Στα επόμενα τέσσερα κεφάλαια 5ο, 6ο, 7ο και 8ο περιγράφονται τα διάφορα αστικά δίκτυα –οδικά, ΔΣ, μετακινήσεις πεζή και δίκτυα ποδηλατοδρόμων αντίστοιχα) με βασικό στοιχείο τον υπολογισμό της χωρητικότητας και της στάθμης εξυπηρέτησης τους, ενώ στο 9ο κεφάλαιο γίνεται μια ολοκληρωμένη θεώρηση όλων των δικτύων, του τρόπου σύνδεσης και συνέργειας καθώς και των μεθοδολογιών υπολογισμού ενός συνδυασμένου επίπεδου εξυπηρέτησης τους.Στο 10ο και τελευταίο κεφάλαιο περιγράφονται τα νέα εργαλεία που χρησιμοποιούνται σήμερα στην ανάλυση των κυκλοφοριακών δεδομένων καθώς και τα έξυπνα συστήματα μεταφορών. Το βιβλίο ολοκληρώνεται με Παράρτημα Ασκήσεων-Παραδειγμάτων για την καλύτερη κατανόηση όλων των παραπάνω ζητημάτων.</subfield>
  </datafield>
  <datafield tag="650" ind1=" " ind2="0">
   <subfield code="a">Urban transportation.</subfield>
   <subfield code="8">2794</subfield>
  </datafield>
  <datafield tag="653" ind1=" " ind2=" ">
   <subfield code="a">Νέες τεχνολογίες στις μεταφορές</subfield>
  </datafield>
  <datafield tag="653" ind1=" " ind2=" ">
   <subfield code="a">Δίκτυα μεταφορών</subfield>
  </datafield>
  <datafield tag="653" ind1=" " ind2=" ">
   <subfield code="a">Διαχείριση κινητικότητας</subfield>
  </datafield>
  <datafield tag="653" ind1=" " ind2=" ">
   <subfield code="a">Συγκοινωνιακή τεχνική</subfield>
  </datafield>
  <datafield tag="653" ind1=" " ind2=" ">
   <subfield code="a">Τεχνολογία και επιστήμες μηχανικών</subfield>
   <subfield code="a">Μεταφορές και τεχνολογία μεταφορικών μέσων</subfield>
   <subfield code="a">Συνδυασμένα μεταφορικά μέσα</subfield>
  </datafield>
  <datafield tag="653" ind1=" " ind2=" ">
   <subfield code="a">Τεχνολογία και επιστήμες μηχανικών</subfield>
   <subfield code="a">Μεταφορές και τεχνολογία μεταφορικών μέσων</subfield>
   <subfield code="a">Συστήματα αστικών συγκοινωνιών</subfield>
  </datafield>
  <datafield tag="653" ind1=" " ind2=" ">
   <subfield code="a">Τεχνολογία και επιστήμες μηχανικών</subfield>
   <subfield code="a">Μεταφορές και τεχνολογία μεταφορικών μέσων</subfield>
   <subfield code="a">Συγκοινωνιακή ανάλυση</subfield>
  </datafield>
  <datafield tag="700" ind1="1" ind2=" ">
   <subfield code="a">Παπαΐωάννου, Παναγιώτης</subfield>
   <subfield code="e">Συγγραφέας</subfield>
   <subfield code="8">2306</subfield>
  </datafield>
  <datafield tag="700" ind1="1" ind2=" ">
   <subfield code="a">Πιτσιάβα-Λατινοπούλου, Μάγδα</subfield>
   <subfield code="e">Συγγραφέας</subfield>
   <subfield code="8">2307</subfield>
  </datafield>
  <datafield tag="700" ind1="1" ind2=" ">
   <subfield code="a">Πολίτης, Ιωάννης</subfield>
   <subfield code="e">Συγγραφέας</subfield>
   <subfield code="8">2308</subfield>
  </datafield>
  <datafield tag="700" ind1="1" ind2=" ">
   <subfield code="a">Γιαννόπουλος, Γεώργιος</subfield>
   <subfield code="e">Κριτικός αναγνώστης</subfield>
   <subfield code="8">2309</subfield>
  </datafield>
  <datafield tag="856" ind1="4" ind2="0">
   <subfield code="u">http://hdl.handle.net/11419/2081</subfield>
   <subfield code="z">Πλήρες Κείμενο - Full text</subfield>
  </datafield>
  <datafield tag="907" ind1=" " ind2=" ">
   <subfield code="a">.b25678681</subfield>
   <subfield code="b">12-06-18</subfield>
   <subfield code="c">29-07-16</subfield>
  </datafield>
  <datafield tag="949" ind1=" " ind2=" ">
   <subfield code="0">0</subfield>
   <subfield code="1">0</subfield>
   <subfield code="2">ddc</subfield>
   <subfield code="4">0</subfield>
   <subfield code="6">388_400000000000000_ΓΑΒ</subfield>
   <subfield code="7">0</subfield>
   <subfield code="8">KALL</subfield>
   <subfield code="8">627</subfield>
   <subfield code="d">2016-04-13</subfield>
   <subfield code="r">2016-04-13</subfield>
   <subfield code="w">2016-04-13</subfield>
   <subfield code="z">388.4 ΓΑΒ</subfield>
   <subfield code="o">SEAB KALLIPOS</subfield>
  </datafield>
  <datafield tag="998" ind1=" " ind2=" ">
   <subfield code="a">80</subfield>
   <subfield code="a">01</subfield>
   <subfield code="a">02</subfield>
   <subfield code="a">03</subfield>
   <subfield code="a">04</subfield>
   <subfield code="a">05</subfield>
   <subfield code="a">06</subfield>
   <subfield code="a">07</subfield>
   <subfield code="a">08</subfield>
   <subfield code="a">09</subfield>
   <subfield code="a">10</subfield>
   <subfield code="a">11</subfield>
   <subfield code="a">12</subfield>
   <subfield code="a">13</subfield>
   <subfield code="a">14</subfield>
   <subfield code="a">15</subfield>
   <subfield code="a">16</subfield>
   <subfield code="a">17</subfield>
   <subfield code="a">18</subfield>
   <subfield code="a">19</subfield>
   <subfield code="a">20</subfield>
   <subfield code="a">21</subfield>
   <subfield code="a">22</subfield>
   <subfield code="a">23</subfield>
   <subfield code="a">24</subfield>
   <subfield code="a">25</subfield>
   <subfield code="a">26</subfield>
   <subfield code="b">10-05-17</subfield>
   <subfield code="c">m</subfield>
   <subfield code="d">z  </subfield>
   <subfield code="e">-</subfield>
   <subfield code="f">gre</subfield>
   <subfield code="g">gr </subfield>
   <subfield code="h">0</subfield>
  </datafield>
  <datafield tag="942" ind1=" " ind2=" ">
   <subfield code="2">ddc</subfield>
   <subfield code="c">KALLIPOS</subfield>
  </datafield>
 </record>
</collection>
